| 000 | 01835nam a2200457 i 4500 | ||
|---|---|---|---|
| 001 | 15592 | ||
| 003 | KOSZ 005 | ||
| 005 | 20200701111331.0 | ||
| 008 | 200421s1973 pl a f f 001 0 pol | ||
| 015 | _aPB 1973/4052 | ||
| 035 | _a(OCoLC)749368808 | ||
| 040 |
_aWA N _cWA N _dKOSZ 005/EC _dKOSZ 005/HR _dKOSZ 005/RW |
||
| 046 | _k1973 | ||
| 080 | _a66.01/.09 | ||
| 080 | _a(07) | ||
| 245 | 0 | 0 |
_aPodstawy ogólne technologii chemicznej / _cS. Bretsznajder [et al.]. |
| 260 |
_aWarszawa : _bWydawnictwa Naukowo-Techniczne, _c1973. |
||
| 300 |
_a607, [1] stron, [1] karta tablic : _bilustracje ; _c25 cm. |
||
| 336 |
_aTekst _btxt _2rdacontent |
||
| 337 |
_aBez urządzenia pośredniczącego _bn _2rdamedia |
||
| 338 |
_aWolumin _bnc _2rdacarrier |
||
| 380 | _aKsiążki | ||
| 380 | _aPublikacje fachowe | ||
| 380 | _aPublikacje dydaktyczne | ||
| 388 | _a1901-2000 | ||
| 388 | _a1945-1989 | ||
| 504 | _aBibliografia na stronach 590-[593]. Indeks. | ||
| 521 | 8 | _aKsiążka jest podręcznikiem przeznaczonym dla studentów odpowiednich wydziałów szkół technicznych. Może stanowić cenną pomoc w codziennej pracy inżynierów i techników, zatrudnionych w przemyśle chemicznym i w instytutach naukowo-badawczych. | |
| 650 | 7 | _aTechnologia chemiczna | |
| 650 | 7 | _aProcesy chemiczne | |
| 655 | 7 | _aPodręcznik | |
| 658 | _aInżynieria i technika | ||
| 658 | _aChemia | ||
| 700 | 1 |
_aMarcinkowski Ryszard _eAutor |
|
| 700 | 1 |
_aBretsznajder, Stanisław _d(1907-1967) _eAutor |
|
| 700 | 1 |
_aKawecki, Wiesław _d(1918-2000) _eAutor |
|
| 700 | 1 |
_aLeyko, Jerzy _d(1918-1995) _eAutor |
|
| 710 | 2 |
_aWydawnictwa Naukowo-Techniczne _4pbl |
|
| 856 |
_uhttp://koha.tu.koszalin.pl/cgi-bin/koha/opac-detail.pl?biblionumber=15592 _yKatalog online BPK |
||
| 942 |
_2UKD _cKS |
||
| 999 |
_c15592 _d15592 |
||